| 000 | 00429nam a2200157Ia 4500 | ||
|---|---|---|---|
| 008 | 250611s9999 xx 000 0 und d | ||
| 020 | _a0231033206 | ||
| 082 | _a923.25491 MAL | ||
| 100 | _aMalik, Hafeez | ||
| 245 | 0 |
_aIqbal: _bpoet-philosopher of Pakistan |
|
| 260 |
_aNew York: _bColumbia University Press, _c1971 |
||
| 300 | _axviii, 441p. | ||
| 500 | _aincludes index & bibliopgraphy | ||
| 600 | _aBiography | ||
| 942 | _cGB | ||
| 999 |
_c31477 _d31477 |
||